000 00646nam a2200241Ia 4500
003 OSt
005 20220918190636.0
006 a|||||r|||| 00| 0
007 ta
008 220917b |||||||| |||| 00| 0 eng d
024 _a58,366
037 _cTextual
040 _aARTS
_cARTS
_beng
041 _2eng
_aeng
082 _aP57aN7, L4
100 _aHaugen E
245 0 _aBibliography of Scandinavian languages and linguistics 1900-1970
260 _aOslo
_bUniversitetsforlaget
_c1974
300 _axix, 527p.
_ccm.
650 _aLINGUISTICS
942 _hP57aN7, L4
_cTEXL
_2CC
999 _c186205
_d186205